| 000 | 00515nam a2200169Ia 4500 | ||
|---|---|---|---|
| 001 | 14595 | ||
| 003 | GE_BSU | ||
| 008 | 181216s||||||||xx |||||||||||||| ||und|| | ||
| 040 | _cGE_BSU | ||
| 245 | _aИнформационно-управляющие системы. №6(73) 2014 | ||
| 245 | _cГл.ред.Сергеев М.Б. | ||
| 260 | _aСанкт-Петербург | ||
| 260 | _c2014 | ||
| 300 | _a144стр.29см. | ||
| 653 | _aИнформационно-управляющие системы | ||
| 942 | _cCR | ||
| 999 |
_c47724 _d47724 |
||